000
00284nam a2200133Ia 4500
100
_a
Wise/ H.H/ Weiss/ J.
650
_a
General
942
_c
BK
654
_a
Leaving Places
245
_a
Leaving Places
260
_b
Quick fox
_a
New York
_c
1976
082
_a
747
546
_a
ENGLISH
999
_c
31294
_d
31294